[Event "Kolomna rapid op"]
[Site "Kolomna"]
[Date "2018.02.16"]
[Round "5"]
[White "Vygovsky, Alexey"]
[Black "Vul, Arkadi Eremeevich"]
[Result "0-1"]
[WhiteElo "2014"]
[BlackElo "2225"]
[PlyCount "80"]
[EventDate "2018.02.16"]
[EventType "swiss (rapid)"]
[EventRounds "11"]
[EventCountry "RUS"]
[SourceTitle "CBM 183 Extra"]
[Source "ChessBase"]
[SourceDate "2018.04.19"]
[SourceVersion "1"]
[SourceVersionDate "2018.04.19"]
[SourceQuality "1"]

1. e4 e5 2. Nf3 Nc6 3. Bc4 Nf6 4. Ng5 d5 5. exd5 Nd4 6. c3 b5 7. Bf1 Nxd5 8. cxd4 Qxg5 9. Bxb5+ Kd8 10. 0-0 Bb7 11. Qf3 Rb8 12. dxe5 Nb4 13. Qh3 Bc8 14. d4 Qg6 15. Qc3 Rxb5 16. Na3 Rb8 17. Bd2 Nd3 18. Rac1 Nxc1 19. Rxc1 Rb7 20. Nb5 Qb6 21. Nd6 Bxd6 22. exd6 Qxd6 23. Qf3 f6 24. Bf4 Qd7 25. Qg3 Re8 26. h3 g5 27. Be3 Rxb2 28. Qf3 Qf5 29. Qh5 Rb1 30. Rxb1 Qxb1+ 31. Kh2 Bf5 32. Qh6 Qb6 33. d5 Qd6+ 34. g3 Bg6 35. Qg7 Qe7 36. Qh6 Qf8 37. Bxg5 fxg5 38. Qxg5+ Kc8 39. Qg4+ Qf5 40. Qa4 Qxf2+ 0-1

[Event "Kolomna-ch 67th"]
[Site "Kolomna"]
[Date "2017.01.15"]
[Round "10"]
[White "Spiridonov, Evgeny"]
[Black "Vygovsky, Alexey"]
[Result "1-0"]
[WhiteElo "2039"]
[BlackElo "1997"]
[PlyCount "49"]
[EventDate "2016.12.24"]
[EventType "swiss"]
[EventRounds "10"]
[EventCountry "RUS"]
[SourceTitle "EXT 2019"]
[Source "ChessBase"]
[SourceDate "2018.10.10"]
[SourceVersion "1"]
[SourceVersionDate "2018.10.10"]
[SourceQuality "1"]

1. d4 Nf6 2. c4 e6 3. Nc3 Bb4 4. e3 b6 5. Nf3 Bxc3+ 6. bxc3 Bb7 7. Bd3 d6 8. 0-0 0-0 9. Re1 Ne4 10. Qc2 f5 11. Nd2 Nxf2 12. Kxf2 Qh4+ 13. Kf1 Bxg2+ 14. Kxg2 f4 15. Nf3 Qg4+ 16. Kh1 Qxf3+ 17. Qg2 Qh5 18. exf4 Nd7 19. Bd2 Rae8 20. Re2 Rf6 21. Rae1 Nf8 22. f5 h6 23. fxe6 Ng6 24. Bxg6 Rxg6 25. Qd5 1-0

[Event "Kolomna-ch 65th"]
[Site "Kolomna"]
[Date "2015.01.17"]
[Round "2"]
[White "Vygovsky, Alexey"]
[Black "Novikov, Aleksey"]
[Result "0-1"]
[WhiteElo "1644"]
[BlackElo "1615"]
[PlyCount "80"]
[EventDate "2015.01.11"]
[EventType "tourn"]
[EventRounds "9"]
[EventCountry "RUS"]
[SourceTitle "EXT 2017"]
[Source "ChessBase"]
[SourceDate "2016.10.25"]
[SourceVersion "1"]
[SourceVersionDate "2016.10.25"]
[SourceQuality "1"]

1. e4 e5 2. Nf3 Nc6 3. Bc4 Nf6 4. Ng5 d5 5. exd5 Na5 6. Bb5+ c6 7. dxc6 bxc6 8. Qf3 Bb7 9. Bd3 Bd6 10. Nc3 0-0 11. 0-0 h6 12. Nge4 Nxe4 13. Bxe4 f5 14. Bxf5 Bc8 15. g4 g6 16. d3 gxf5 17. Bxh6 Rf7 18. gxf5 Rh7 19. Qg3+ Kh8 20. Bg5 Qf8 21. Ne4 Be7 22. Qxe5+ Kg8 23. Bxe7 Rxe7 24. Qxa5 Bxf5 25. Ng3 Bh3 26. Qg5+ Rg7 27. Qh4 Bxf1 28. Rxf1 Qd6 29. Kh1 Rf8 30. Qc4+ Kh8 31. Qh4+ Rh7 32. Qe4 Qh6 33. Qg2 Rf4 34. Re1 Qf8 35. Qxc6 Rxf2 36. Re8 Rhxh2+ 37. Kg1 Rfg2+ 38. Qxg2 Rxg2+ 39. Kxg2 Qxe8 40. Kf2 Qf7+ 0-1

[Event "Kolomna City-ch"]
[Site "Kolomna"]
[Date "2008.02.24"]
[Round "14"]
[White "Ivanov, Yuriy"]
[Black "Vygovsky, Alexey"]
[Result "1-0"]
[WhiteElo "2057"]
[BlackElo "2133"]
[PlyCount "59"]
[EventDate "2008.01.08"]
[EventType "tourn"]
[EventRounds "15"]
[EventCountry "RUS"]
[SourceTitle "EXT 2009"]
[Source "ChessBase"]
[SourceDate "2008.11.26"]
[SourceVersion "1"]
[SourceVersionDate "2008.11.26"]
[SourceQuality "1"]

1. d4 Nf6 2. c4 g6 3. Nc3 d5 4. Nf3 Bg7 5. cxd5 Nxd5 6. e4 Nxc3 7. bxc3 c5 8. Bb5+ Bd7 9. Bxd7+ Qxd7 10. 0-0 Nc6 11. Be3 cxd4 12. cxd4 Rd8 13. e5 0-0 14. Qb3 Qd5 15. Qxb7 Rb8 16. Qa6 Rb6 17. Qe2 Rfb8 18. Rac1 Qe4 19. Qc4 Na5 20. Qc7 Qb7 21. Qc3 Qd5 22. Qa3 Nc4 23. Qxe7 Nxe3 24. fxe3 Qxa2 25. Ng5 R6b7 26. Rc8+ Rxc8 27. Qxb7 Rf8 28. e6 f6 29. e7 Re8 30. Qd7 1-0

[Event "Kolomna-ch sf-A 58th"]
[Site "Kolomna"]
[Date "2007.11.12"]
[Round "9"]
[White "Vygovsky, Alexey"]
[Black "Polikushin, Viktor"]
[Result "1-0"]
[WhiteElo "2091"]
[BlackElo "1969"]
[PlyCount "71"]
[EventDate "2007.10.11"]
[EventType "tourn"]
[EventRounds "11"]
[EventCountry "RUS"]
[SourceTitle "EXT 2022"]
[Source "ChessBase"]
[SourceDate "2021.10.06"]
[SourceVersion "1"]
[SourceVersionDate "2021.10.06"]
[SourceQuality "1"]

1. e4 c6 2. d4 d5 3. f3 e6 4. Nc3 Bb4 5. a3 Be7 6. Be3 Nd7 7. Bd3 g6 8. Qd2 Ngf6 9. e5 Nh5 10. g4 Bh4+ 11. Ke2 Ng7 12. Bh6 0-0 13. g5 c5 14. Qf4 c4 15. Qxh4 cxd3+ 16. cxd3 Nf5 17. Qg4 Nxh6 18. gxh6 f5 19. Qf4 b5 20. Nh3 a6 21. Ng5 Nb6 22. h4 Qe8 23. Rag1 Kh8 24. Rg2 Qe7 25. Rhg1 b4 26. axb4 Rg8 27. h5 Bd7 28. Nxh7 Kxh7 29. hxg6+ Kh8 30. g7+ Kh7 31. Nd1 Qxb4 32. Qg5 Be8 33. Qf6 Qb5 34. Qxe6 Qd7 35. Qxg8+ Kxg8 36. h7+ 1-0

[Event "Kolomna-ch sf-A 58th"]
[Site "Kolomna"]
[Date "2007.10.22"]
[Round "4"]
[White "Gurov, Vladimir Demianovic"]
[Black "Vygovsky, Alexey"]
[Result "0-1"]
[WhiteElo "1744"]
[BlackElo "2091"]
[PlyCount "106"]
[EventDate "2007.10.11"]
[EventType "tourn"]
[EventRounds "11"]
[EventCountry "RUS"]
[SourceTitle "EXT 2022"]
[Source "ChessBase"]
[SourceDate "2021.10.06"]
[SourceVersion "1"]
[SourceVersionDate "2021.10.06"]
[SourceQuality "1"]

1. b4 e5 2. e4 Bxb4 3. Bb2 d6 4. Bc4 Nf6 5. c3 Bc5 6. d3 c6 7. d4 exd4 8. cxd4 Bb4+ 9. Bc3 Bxc3+ 10. Nxc3 d5 11. exd5 cxd5 12. Bd3 Nc6 13. Nge2 0-0 14. 0-0 Be6 15. Rc1 a6 16. Bb1 Qd7 17. Na4 Qc7 18. Ng3 Rac8 19. Re1 Rfe8 20. a3 g6 21. Qf3 Nd7 22. Red1 Nxd4 23. Qd3 Qxc1 24. Rxc1 Rxc1+ 25. Nf1 Bf5 26. Qxd4 Ree1 27. h3 Rxf1+ 28. Kh2 Rxb1 29. Qxd5 Rxf2 30. Qd4 Rc2 31. Qe3 b5 32. Nb6 Nxb6 33. Qxb6 Rd1 34. Qb8+ Bc8 35. Qe5 Rdd2 36. Qe8+ Kg7 37. Qe5+ Kf8 38. Qh8+ Ke7 39. Qe5+ Be6 40. Qe3 Rxg2+ 41. Kh1 Rh2+ 42. Kg1 Rhe2 43. Qa7+ Bd7 44. Kf1 Re6 45. Qd4 Ree2 46. Qb4+ Ke8 47. Qh4 Bc6 48. Qxh7 Bg2+ 49. Kg1 Bxh3 50. Qh8+ Ke7 51. Qh4+ f6 52. Qb4+ Kf7 53. Qb3+ Kg7 0-1